Регионална библиотека "Любен Каравелов" - Русе

Сергей Васильевич Рахманинов (Запис номер 35472)

MARC детайли
000 -Лидер
Контролно поле с фиксирана дължина 01618nam a2200397 a 4500
003 - Код на организацията, давaща контролен номер
Контролно поле BLK
005 - Дата и час на последна редакция
Контролно поле 20230719114900.0
008 - Елементи от данни с фиксирана дължина
fixed length control field 180408b bul|||||r ||||||| ||bul||
010 ## - Наследен системен номер
LC control number KNG00038205000
040 ## - Източник на каталожния запис
Идентификатор на билиотеката - собственик на записа BLK
041 ## - Код за език
Код за езика на текст/звукозапис или на отделно заглавие Руски
Код за езика КДБФ Руски
080 ## - УДК
Текстов определител УДК Музиканти-творци, композитори
УДК код - определител по УДК 78.071.1
УДК определител (470)(092)
УДК - код + определител 78.071.1(470)(092)
080 ## - УДК
Текстов определител УДК Руски композитор, пианист и диригент
УДК код - определител по УДК 929 Рахманинов, Сергей Василиевич
УДК - код + определител 929 Рахманинов, Сергей Василиевич
100 1# - Редна дума - Автор
Автор Соколова, Ольга Ивановна
Авторска отговорност първи автор
R(LIN) 274400
139 ## - Редно поле
Редна дума Соколова, Ольга Ивановна
Авторски знак Рах - Р 40
245 10 - Сведения за заглавието
Заглавие Сергей Васильевич Рахманинов
Редно поле (дума) Ольга Ивановна Соколова.
257 ## - Страна на издаване
Страна на създаване/издаване СССР
260 ## - Област на издателските данни
Име на издателя, разпространителя и проч. Музыка
Година на издаване 1983
Място на издаване, разпространение и проч. Москва
300 ## - Физическа характеристика
Страници 160 с.
Илюстрации и др. с ил.
Размери/Мащаб 16 см
380 ## - Жанр
Жанр Изкуство
600 14 - Име на лице, използвано като предмет
За него / За нея Рахманинов, Сергей Василиевич
9 (RLIN) 274401
650 #4 - Допълнително описание по предмет – тема
Основно описание – тема или топоним Композитори, руски
9 (RLIN) 267007
650 #4 - Допълнително описание по предмет – тема
Основно описание – тема или топоним Музика - Русия
9 (RLIN) 267008
651 #4 - Допълнително описание по предмет - топоним
Географско понятие Русия
9 (RLIN) 179465
653 ## - Ключова дума – ненормативна
Ключова дума композитори
653 ## - Ключова дума – ненормативна
Ключова дума биографии
653 ## - Ключова дума – ненормативна
Ключова дума Русия
653 ## - Ключова дума – ненормативна
Ключова дума Сергей Рахманинов
852 ## - Местоположение
Форматна сигнатура Цб І 22433
Фондова буква Хранилище
856 4# - Електронен адрес и достъп
Електронен формат pdf - файл
856 4# - Електронен адрес и достъп
Електронен формат pdf - файл
942 ## - АРТИКУЛИ
Вид на библиотечния материал Книги
Скрит в OPAC Не
Koha issues (borrowed), all copies 1
944 ## - СЪЗДАВАНЕ И РЕДАКЦИЯ на ЗАПИСА
Създаване/Редакция Създаване
Дата на регистрацията/редакция 17.05.2011
Статус, дата на статуса Русанова Ирена
Служител, извършил регистрацията/редакцията 30542
944 ## - СЪЗДАВАНЕ И РЕДАКЦИЯ на ЗАПИСА
Създаване/Редакция Редакция
Дата на регистрацията/редакция 29.07.2014
Статус, дата на статуса добави в АБ / 14.05.2011
999 ## - СИСТЕМНИ КОНТРОЛНИ НОМЕРА
Koha biblionumber 35472
Koha biblioitemnumber 35472
999 ## - СИСТЕМНИ КОНТРОЛНИ НОМЕРА
Koha biblioitemnumber 35472
Наличности
Код за отписване Код за изгубен артикул Източник на класификационната схема Код за повреда Коз за рестрикции Код за отдаване Артикулен № Име на библиотеката - собственик Име на библиотеката, в която се намира в момента Статус (Текущо местоположение) Дата на вписване в системата Местоположение - отдел Цена в лева Инвентарен номер Систематично азбучна сигнатура Баркод Номер на екземпляра Цена в евро Служебна бележка Служебен тип на артикула
Изтеглен Не е изгубен Universal Decimal Classification Не е повреден без рестрикции заемане за дома 56074 Регионална библиотека "Любен Каравелов" Русе Регионална библиотека "Любен Каравелов" Русе Отдел Изкуство - подръчен фонд 1983-01-01 Отдел Изкуство - подръчен фонд 1.90 440730 78.071.1(092)/Р 40 440730 1 0.97 N: стар фонд Дата: 01.01.1983 Дата инв: 19.06.2012 Бележки инв: * Книги
Изтеглен Не е изгубен Universal Decimal Classification Не е повреден без рестрикции заемане за дома 56075 Регионална библиотека "Любен Каравелов" Русе Регионална библиотека "Любен Каравелов" Русе Отдел Изкуство - подръчен фонд 1983-01-01 Отдел Изкуство - подръчен фонд 1.90 402293 78.071.1(092)/Р 40 402293 2 0.97 Дост: Pk Вид: Ф N: сф Дата: 01.01.1983 Дата инв: 03.04.2017 Бележки инв: ИП2017 Книги
  Не е изгубен Universal Decimal Classification Не е повреден без рестрикции заемане за дома 56076 Регионална библиотека "Любен Каравелов" Русе Регионална библиотека "Любен Каравелов" Русе Отдел Изкуство - подръчен фонд 1983-01-01 Отдел Изкуство - подръчен фонд 1.90 539872 78.071.1(092)/Р 40 120000539872 3 0.97 Дост: Pk Вид: Ф N: сф Дата: 01.01.1983 Дата инв: 03.04.2017 Бележки инв: ИП2017 Книги
Vip Innovations Ltd, Rousse, Bulgaria 2025